Электротехника 1.3 / ДО 2021: электронный курс

Bibliographische Detailangaben
1. Verfasser: Макенова Н. А. Наиля Алтынхановна
Körperschaft: Национальный исследовательский Томский политехнический университет Инженерная школа энергетики Отделение электроэнергетики и электротехники
Zusammenfassung:Заглавие с экрана
Дисциплина Электротехника формирует понятия о практическом использовании основных законов электричества, действующих в различных электромеханических устройствах, использующих эти явления.
Доступ по логину и паролю
Sprache:Russisch
Veröffentlicht: Томск, TPU Moodle, 2023
Schlagworte:
Online-Zugang:https://design.lms.tpu.ru/course/view.php?id=4645
Format: MixedMaterials Elektronisch Buch
KOHA link:https://koha.lib.tpu.ru/cgi-bin/koha/opac-detail.pl?biblionumber=669394

MARC

LEADER 00000nlm0a2200000 4500
001 669394
005 20231215134304.0
035 |a (RuTPU)RU\TPU\network\40634 
035 |a RU\TPU\network\36769 
090 |a 669394 
100 |a 20230427d2023 m y0rusy50 ca 
101 0 |a rus 
102 |a RU 
105 |a a j 000zy 
135 |a jrcn ---uucaa 
181 0 |a i  
182 0 |a b 
200 1 |a Электротехника 1.3 / ДО 2021  |e электронный курс  |f Н. А. Макенова  |g Национальный исследовательский Томский политехнический университет, Инженерная школа энергетики, Отделение электроэнергетики и электротехники 
203 |a Текст  |c электронный 
210 |a Томск  |c TPU Moodle  |d 2023 
300 |a Заглавие с экрана 
330 |a Дисциплина Электротехника формирует понятия о практическом использовании основных законов электричества, действующих в различных электромеханических устройствах, использующих эти явления. 
333 |a Доступ по логину и паролю 
610 1 |a электронный ресурс 
610 1 |a труды учёных ТПУ 
610 1 |a электронное обучение 
610 1 |a электронные курсы ТПУ 
610 1 |a электронные учебные пособия 
610 1 |a электрические цепи 
610 1 |a линейные цепи 
610 1 |a электромагнитные устройства 
610 1 |a электрические машины 
700 1 |a Макенова  |b Н. А.  |c физик  |c доцент Томского политехнического университета, кандидат физико-математических наук  |f 1974-  |g Наиля Алтынхановна  |3 (RuTPU)RU\TPU\pers\25677  |9 11588 
712 0 2 |a Национальный исследовательский Томский политехнический университет  |b Инженерная школа энергетики  |b Отделение электроэнергетики и электротехники  |3 (RuTPU)RU\TPU\col\23505 
801 2 |a RU  |b 63413507  |c 20230427  |g RCR 
856 4 |u https://design.lms.tpu.ru/course/view.php?id=4645 
942 |c CF